[Event "UNAM w Prelim C"]
[Site "Mexico City MEX"]
[Date "2012.11.20"]
[Round "5.4"]
[White "Ordaz Valdes, Lisandra Teresa"]
[Black "Gara, Ticia"]
[Result "0-1"]
[WhiteTitle "WGM"]
[BlackTitle "WGM"]
[WhiteElo "2350"]
[BlackElo "2377"]
[WhiteFideId "3506940"]
[BlackFideId "717444"]
[EventDate "2012.11.16"]

1. d4 e6 2. c4 b6 3. Nf3 Bb7 4. g3 Bb4+ 5. Bd2 Bxf3 6. exf3 Bxd2+ 7. Qxd2 Nf6 8.
Bg2 d5 9. f4 c6 10. Qc2 O-O 11. O-O Qd6 12. Nd2 Nbd7 13. Nb3 Rac8 14. c5 bxc5
15. dxc5 Qc7 16. Nd4 e5 17. Nf5 exf4 18. Ne7+ Kh8 19. Nxc8 Rxc8 20. Rfe1 fxg3
21. hxg3 Qa5 22. Rac1 Rb8 23. a3 g6 24. Re7 Kg7 25. Re2 Rb5 26. Qc3 Qxc3 27.
Rxc3 Nxc5 28. Rec2 Ne6 29. Rxc6 Nd4 30. Bf1 Rb8 31. Rc8 Rb6 32. Rc1 Rxb2 33. Rd1
Nf3+ 34. Kg2 Ne5 35. Re1 Ne4 36. Re2 Rb3 37. Re3 Rb2 38. Re2 Rb1 39. Rd8 Nc6 40.
Rxd5 Nc3 41. Rc5 Nxe2 42. Rxc6 Nd4 43. Rc7 a5 44. Rd7 Nb5 45. Rd5 Nxa3 46. Rxa5
Rb3 47. Rc5 Nb1 48. Rc7 Nd2 49. Be2 Rb6 50. Bc4 Rf6 51. Bd5 g5 52. Rc2 Nb1 53.
Bf3 Rd6 54. Rc5 Kf6 55. Be4 Nd2 56. Bxh7 Kg7 57. Bc2 f6 58. Rc7+ Kf8 59. Bf5 Nb3
60. Rc8+ Ke7 61. Rc7+ Kd8 62. Rb7 Nd4 63. Rb8+ Kc7 64. Rc8+ Kb7 65. Bh3 0-1

[Event "UNAM w Prelim C"]
[Site "Mexico City MEX"]
[Date "2012.11.20"]
[Round "5.1"]
[White "Andrenko, Irina"]
[Black "Maisuradze, Nino"]
[Result "1/2-1/2"]
[WhiteTitle "WIM"]
[BlackTitle "WGM"]
[WhiteElo "2233"]
[BlackElo "2315"]
[WhiteFideId "14118270"]
[BlackFideId "13601717"]
[EventDate "2012.11.16"]

1. e4 c5 2. Nf3 Nc6 3. Nc3 e5 4. Bc4 d6 5. O-O Be7 6. Nd5 Nf6 7. Nxf6+ Bxf6 8.
h3 O-O 9. d3 Be7 10. c3 Kh8 11. d4 exd4 12. cxd4 f5 13. exf5 Bxf5 14. d5 Na5 15.
Bd3 Bxd3 16. Qxd3 a6 17. Bd2 b5 18. Rfe1 Nc4 19. Bc3 Nb6 20. Ba5 Bf6 21. Qe2 Qb8
22. Rad1 Ra7 23. Bxb6 Qxb6 24. Qe8 Ra8 25. Qh5 c4 26. Re2 b4 27. Rde1 c3 28. Ng5
Bxg5 29. Qxg5 Qd4 30. bxc3 bxc3 31. Qg3 Rac8 32. Qxd6 c2 33. Rxc2 Rcd8 34. Qxa6
Rxd5 35. Qe2 Rdf5 36. Rc4 Qd5 37. Rc2 h6 38. Qe4 Qa5 39. Rce2 Qb6 40. Qe3 Qg6
41. Qe4 Qb6 42. Qe3 Qg6 43. Qe4 Qb6 44. Qe3 Qg6 45. Qe6 Qxe6 46. Rxe6 Rxf2 47.
R6e2 R2f4 48. a3 Kh7 49. Ra2 Ra8 50. Rea1 Raa4 51. Rf2 Rfd4 52. Raa2 Rd3 53.
Rfb2 Rdxa3 54. Rxa3 Rxa3 55. Re2 1/2-1/2

[Event "UNAM w Prelim C"]
[Site "Mexico City MEX"]
[Date "2012.11.20"]
[Round "5.2"]
[White "Maisuradze, Nino"]
[Black "Andrenko, Irina"]
[Result "1-0"]
[WhiteTitle "WGM"]
[BlackTitle "WIM"]
[WhiteElo "2315"]
[BlackElo "2233"]
[WhiteFideId "13601717"]
[BlackFideId "14118270"]
[EventDate "2012.11.16"]

1. d4 Nf6 2. c4 g6 3. Nc3 Bg7 4. e4 d6 5. f4 O-O 6. Nf3 c5 7. d5 e6 8. Be2 exd5
9. cxd5 Re8 10. e5 dxe5 11. fxe5 Ng4 12. Bg5 Qa5 13. O-O Nxe5 14. d6 Be6 15. Nd5
Bxd5 16. Qxd5 Nbd7 17. Nxe5 Nxe5 18. d7 Nxd7 19. Qxd7 Rxe2 20. Qxf7+ Kh8 21. Bf6
Bxf6 22. Qxf6+ Kg8 23. Qf7+ Kh8 24. Rad1 Rd2 25. Rde1 Qd8 26. Re7 Qd4+ 27. Kh1 1-0

[Event "UNAM w Prelim C"]
[Site "Mexico City MEX"]
[Date "2012.11.20"]
[Round "5.3"]
[White "Andrenko, Irina"]
[Black "Maisuradze, Nino"]
[Result "1/2-1/2"]
[WhiteTitle "WIM"]
[BlackTitle "WGM"]
[WhiteElo "2233"]
[BlackElo "2315"]
[WhiteFideId "14118270"]
[BlackFideId "13601717"]
[EventDate "2012.11.16"]

1. e4 c5 2. Nc3 Nc6 3. Bb5 Nd4 4. Bc4 e6 5. Nge2 Nf6 6. O-O a6 7. d3 b5 8. Bb3
Nxb3 9. axb3 Bb7 10. Ng3 d5 11. e5 d4 12. exf6 dxc3 13. bxc3 gxf6 14. Qh5 Bd6
15. Bh6 Rg8 16. Rae1 Qd7 17. d4 O-O-O 18. dxc5 Qc6 19. f3 Bxc5+ 20. Kh1 Rg6 21.
Bf4 Rdg8 22. Qxh7 R8g7 23. Qh8+ Rg8 24. Qh5 e5 25. Bc1 Qe8 26. Qf5+ Kb8 27. Be3
Bc8 28. Qd3 Bxe3 29. Qd6+ Kb7 30. Rxe3 Qe6 31. Qxe6 fxe6 32. Rd1 f5 33. Rxe5 f4
34. Ne4 Rxg2 35. Nd6+ Ka8 36. Nxc8 Rxc2 37. Rxe6 Rxc8 38. Rxa6+ Kb7 39. Rf6
R8xc3 40. Rxf4 Rxb3 41. Rf7+ Kb6 42. Rf6+ Ka5 43. Ra1+ Kb4 44. Rf4+ Kc3 45. Rf8
Kb2 46. Rf1 b4 47. f4 Rh3 48. Re1 Rhxh2+ 49. Kg1 b3 50. f5 Rhg2+ 51. Kh1 Rg4 52.
f6 Rc5 53. Rh8 Rf5 54. Rh2+ Ka3 55. Ra1+ Kb4 56. Rb1 Rxf6 57. Rh3 Kc4 58. Rbxb3
Rf1+ 59. Kh2 Rf2+ 60. Kh1 Rf1+ 61. Kh2 Rfg1 62. Rbc3+ Kd4 63. Rcd3+ Ke4 64.
Rde3+ Kf4 65. Ref3+ Kg5 66. Rf2 Ra1 67. Rb2 Rgg1 68. Rg2+ 1/2-1/2

[Event "UNAM w Prelim C"]
[Site "Mexico City MEX"]
[Date "2012.11.20"]
[Round "5.4"]
[White "Maisuradze, Nino"]
[Black "Andrenko, Irina"]
[Result "1/2-1/2"]
[WhiteTitle "WGM"]
[BlackTitle "WIM"]
[WhiteElo "2315"]
[BlackElo "2233"]
[WhiteFideId "13601717"]
[BlackFideId "14118270"]
[EventDate "2012.11.16"]

1. d4 Nf6 2. c4 g6 3. Nc3 d5 4. Bf4 Bg7 5. e3 O-O 6. cxd5 Nxd5 7. Nxd5 Qxd5 8.
Bxc7 Na6 9. Bxa6 Qxg2 10. Qf3 Qxf3 11. Nxf3 bxa6 12. Rc1 Bb7 13. Ke2 Rac8 14.
Rc5 Rfe8 15. Rhc1 e6 16. Nd2 Bf8 17. R5c2 f6 18. f4 Bb4 19. a3 Bxd2 20. Kxd2 Be4
21. Rc5 Re7 22. h4 Rd7 23. b4 Kf7 24. Ba5 Rb8 25. Rc7 Rb7 26. Rxb7 Bxb7 27. Rc7
Ke8 28. Kd3 f5 29. Kc4 Ke7 30. a4 Kd6 31. Rxd7+ Kxd7 32. b5 axb5+ 33. axb5 Bf3
34. Kc5 Be2 35. b6 axb6+ 36. Bxb6 Bf3 37. Ba7 Be4 38. Bb8 Bf3 39. Be5 Be4 40.
Bd6 Bf3 41. Be5 1/2-1/2